[Event "Tatry Open"]
[Site "Tatranske Zruby SVK"]
[Date "2006.09.28"]
[Round "7"]
[White "Belunek,V"]
[Black "Chovanec,V"]
[Result "1/2-1/2"]
[WhiteElo "2246"]
[BlackElo "2085"]

1.d4 Nf6 2.c4 g6 3.Nc3 Bg7 4.e4 d6 5.Be2 O-O 6.Nf3 e5 7.O-O Nc6 8.d5 Ne7
9.Ne1 Nd7 10.Nd3 f5 11.Bd2 Nf6 12.f3 f4 13.c5 g5 14.cxd6 cxd6 15.Nf2 h5 16.h3 Ng6
17.Qc2 Rf7 18.Rfc1 Bf8 19.Nb5 Ne8 20.a4 Nh4 21.Qb3 Rg7 22.Rc2 Nf6 23.Be1 a6
24.Na3 b5 25.axb5 axb5 26.Rac1 g4 27.fxg4 hxg4 28.hxg4 Nxg4 29.Nxg4 Bxg4
30.Bxg4 Rxg4 31.Qh3 Qg5 32.Nxb5 Ra4 33.Bxh4 Qxh4 34.Qxh4 Rxh4 35.Nc3 Ra7
36.Nd1 Rg7 37.Rf2 f3 38.Rxf3 Rxe4 39.Ne3 Rf4 40.Kf2 Rb7 41.Rc2 Rb5 42.Kg3 Rb3
43.Ng4 Rfxf3+ 44.gxf3 Kf7  1/2-1/2

[Event "Tatry Open"]
[Site "Tatranske Zruby SVK"]
[Date "2006.09.30"]
[Round "9"]
[White "Pacher,M"]
[Black "Justus,I"]
[Result "1/2-1/2"]
[WhiteElo "2227"]
[BlackElo "1989"]

1.d4 Nf6 2.c4 g6 3.Nc3 Bg7 4.Nf3 O-O 5.e4 d6 6.Be2 e5 7.O-O Nc6 8.d5 Ne7
9.b4 Nh5 10.Re1 f5 11.Ng5 Nf6 12.Bf3 c6 13.Bb2 h6 14.Ne6 Bxe6 15.dxe6 fxe4
16.Nxe4 Nxe4 17.Bxe4 d5 18.cxd5 cxd5 19.Bc2 Qb6 20.Bxe5 Qxf2+ 21.Kh1 Bxe5
22.Rxe5 Rac8 23.Bb3 Rf4 24.Qe1 Qxe1+ 25.Raxe1 Rxb4 26.h3 Rd4 27.Rf1 a5 28.Rf7 Re8
29.Re3 Nf5 30.Rc3 Nd6 31.Rd7 Nc4 32.Rxb7 Rxe6 33.Rb5 Kg7 34.Bxc4  1/2-1/2

[Event "Bygger'n Masters"]
[Site "Gausdal NOR"]
[Date "2006.10.01"]
[Round "8"]
[White "Time,J"]
[Black "Wibe,P"]
[Result "1-0"]
[WhiteElo "1864"]
[BlackElo "1809"]

1.d4 Nf6 2.c4 g6 3.Nc3 Bg7 4.e4 d6 5.Nf3 O-O 6.Be2 e5 7.O-O Nc6 8.d5 Ne7
9.a4 a5 10.b3 b6 11.Ba3 Nd7 12.b4 axb4 13.Bxb4 f5 14.a5 Nc5 15.Nd2 Bh6 16.Bxc5 bxc5
17.Nb3 Bf4 18.Ra2 Kh8 19.Qa1 Ba6 20.Nc1 Ng8 21.Nd3 Bxh2+ 22.Kxh2 Bxc4 23.Ra4 Qh4+
24.Kg1 Bb3 25.Ra3 c4 26.Nb2 f4 27.f3 g5 28.Qe1 Qh5 29.g4 fxg3 30.Qxg3 Rf4
31.Kg2 Rh4 32.Nbd1 Bxd1 33.Nxd1 Nf6 34.Nf2 Qg6 35.Rh1 Nh5 36.Qxh4 gxh4+ 37.Ng4 h3+
38.Kf2 Nf4 39.Bxc4 h5 40.Ne3 h4 41.Ng4 Qg5 42.a6 Qd8 43.Rb1 Kh7 44.a7 Ng6
45.Rb7 h2 46.Kg2 Qg5 47.Rxc7+ Kg8 48.Rb3 Qf4 49.Rb8+ Nf8 50.Nxh2 Qg3+ 51.Kh1 Qe1+
52.Bf1 Qa5 53.Rxa8 Qxc7 54.Rxf8+ Kxf8 55.a8=Q+ Kf7 56.Qc6 Qe7 57.Qc4 Kg6
58.Qe2 Qf6 59.Qg2+ Kf7 60.Qg4 Ke7 61.Qe6+  1-0

[Event "Goodbye Summer Open"]
[Site "Omis CRO"]
[Date "2006.10.07"]
[Round "6"]
[White "Ivic,M"]
[Black "Armanda,I"]
[Result "1-0"]
[WhiteElo "2253"]
[BlackElo "2342"]

1.d4 Nf6 2.c4 g6 3.Nc3 Bg7 4.e4 d6 5.Nf3 O-O 6.Be2 e5 7.O-O Nc6 8.d5 Ne7
9.Ne1 Nd7 10.Nd3 f5 11.f3 Nf6 12.Bd2 f4 13.c5 g5 14.Rc1 Rf7 15.cxd6 cxd6
16.Nb5 Ng6 17.Qc2 Ne8 18.a4 h5 19.Nf2 a6 20.Na3 Nh4 21.Qb3 g4 22.fxg4 Qg5
23.Qh3 Nf6 24.g3 Ng6 25.Rxc8+ Rxc8 26.gxh5 Ne7 27.Kh1 Kh8 28.Rg1 Qh6 29.gxf4 exf4
30.Qe6 Rcf8 31.Qxd6 Nc8 32.Qe6 Re7 33.Qh3 Nxe4 34.Nxe4 Rxe4 35.Rg6 Qh7 36.Bc3 Re3
37.Rxg7 Qxg7 38.Bxg7+ Kxg7 39.Qg4+ Kh8 40.h6 Rg8 41.Qxf4 Rxe2 42.Qd4+  1-0

[Event "Open"]
[Site "Winterthur SUI"]
[Date "2006.10.07"]
[Round "2"]
[White "Schiendorfer,E"]
[Black "Zimmerman,Y"]
[Result "1/2-1/2"]
[WhiteElo "2056"]
[BlackElo "2360"]

1.d4 d6 2.c4 g6 3.Nc3 Bg7 4.Nf3 Nf6 5.e4 O-O 6.Be2 e5 7.O-O Nc6 8.d5 Ne7
9.b4 Nh5 10.Re1 a5 11.bxa5 c5 12.a4 Rxa5 13.Ra3 Kh8 14.Nb5 Ra6 15.Ng5 Nf6
16.f4 h6 17.fxe5 dxe5 18.Nf3 Nxe4 19.Bd3 Nd6 20.Nxe5 Nef5 21.Nxd6 Nxd6 22.Bf4 Nf5
23.Bxf5 Bxf5 24.g4 Bc8 25.Qd2 g5 26.Bg3 Kg8 27.h3 Bd7 28.Bf2 Bxa4 29.Bxc5 Re8
30.Bd4 b5 31.Rae3 bxc4 32.Nxc4 Rxe3 33.Nxe3 Bd7 34.Nc4 Ra4 35.Bxg7 Kxg7 36.Qb2+ Qf6
37.Qxf6+ Kxf6 38.Nb6 Ra7 39.d6 Be6 40.Rd1 Bd7 41.Re1 Be6 42.Rd1  1/2-1/2

[Event "22nd ECU Club Cup"]
[Site "Feugen AUT"]
[Date "2006.10.10"]
[Round "3"]
[White "Grabliauskas,V"]
[Black "Zickus,S"]
[Result "1-0"]
[WhiteElo "2419"]
[BlackElo "2260"]

1.d4 g6 2.c4 Nf6 3.Nc3 Bg7 4.e4 d6 5.Nf3 O-O 6.Be2 e5 7.O-O Nc6 8.d5 Ne7
9.Ne1 Nd7 10.Be3 f5 11.f3 f4 12.Bf2 g5 13.Rc1 Rf6 14.Nd3 a6 15.c5 Qe8 16.c6 bxc6
17.dxc6 Nf8 18.Nb4 Rh6 19.Kh1 Ne6 20.Ncd5 Ng6 21.Rc3 Nh4 22.Nc2 Kh8 23.b4 Bf8
24.Qe1 Qg6 25.a4 Ng7 26.Nxc7 Nhf5 27.exf5 Qh5 28.Bg1 Nxf5 29.Nxa8 Ng3+ 30.Qxg3 fxg3
31.Nb6 Qe8 32.f4 exf4 33.Nd4 Bg7 34.Nxc8 Rxh2+ 35.Bxh2 Bxd4 36.Ne7 Qxe7 37.c7 Qxe2
38.c8=Q+ Kg7 39.Rc7+  1-0

[Event "FSIM October"]
[Site "Budapest HUN"]
[Date "2006.10.17"]
[Round "11"]
[White "Werner,Di"]
[Black "Farago,S"]
[Result "1/2-1/2"]
[WhiteElo "2315"]
[BlackElo "2275"]

1.d4 Nf6 2.c4 g6 3.Nc3 Bg7 4.e4 d6 5.Be2 O-O 6.Nf3 e5 7.O-O Nc6 8.d5 Ne7
9.Bg5 Nd7 10.Nd2 f5 11.f3 f4 12.Bh4 h5 13.b4 Bh6 14.Bf2  1/2-1/2

[Event "65th Ann FPX Festival"]
[Site "Sao Paulo BRA"]
[Date "2006.10.18"]
[Round "4"]
[White "Leitao,R"]
[Black "Crosa,M"]
[Result "1-0"]
[WhiteElo "2601"]
[BlackElo "2386"]

1.d4 Nf6 2.c4 g6 3.Nc3 Bg7 4.e4 d6 5.Nf3 O-O 6.Be2 e5 7.O-O Nc6 8.d5 Ne7
9.b4 Ne8 10.c5 f5 11.Ng5 fxe4 12.Ngxe4 Kh8 13.a4 Nf6 14.Nxf6 Rxf6 15.Ne4 Rf8
16.cxd6 cxd6 17.b5 Bf5 18.Ng5 h6 19.Ne6 Bxe6 20.dxe6 d5 21.Ba3 Re8 22.Bg4 Nf5
23.e7 Nxe7 24.Be6 Rf8 25.Rc1 Rf4 26.g3 Rf6 27.Bxe7 Qxe7 28.Bxd5 Rd8 29.Qb3 Qd7
30.Be4 b6 31.Rc6 Rdf8 32.Qc2 Qg4 33.Bxg6 h5 34.Be4 h4 35.Rxf6 Rxf6 36.Rd1 Bf8
37.Rd8 Qg7 38.Qc8 hxg3 39.hxg3 Qh6 40.Kg2 Kg8 41.Rd7 Qg5 42.Qc4+  1-0

[Event "TCh-BEL 2006-7"]
[Site "Belgium BEL"]
[Date "2006.10.22"]
[Round "2"]
[White "Denayer,E"]
[Black "Van den Dikkenberg,E"]
[Result "0-1"]
[WhiteElo "2251"]
[BlackElo "2188"]

1.Nf3 Nf6 2.c4 g6 3.Nc3 Bg7 4.e4 O-O 5.d4 d6 6.Be2 e5 7.O-O Nc6 8.d5 Ne7
9.Ne1 Nd7 10.Be3 f5 11.f3 f4 12.Bf2 g5 13.Rc1 h5 14.c5 Nxc5 15.b4 Na6 16.Nb5 Ng6
17.a3 Rf7 18.Rc3 Bf8 19.h3 Kh8 20.Qc2 Bd7 21.Nxa7 Qb8 22.Nb5 c6 23.dxc6 bxc6
24.Rxc6 Bxc6 25.Qxc6 Qb7 26.Qc4 Kg7 27.Qb3 Be7 28.Bc4 Rff8 29.a4 Nc7 30.Nxc7 Qxc7
31.Nd3 g4 32.a5 gxh3 33.gxh3 Bh4 34.Ne1 Qe7 35.Ng2 Qg5 36.Qd1 Rf6 37.Qe1 Bg3
38.Bxg3 fxg3 39.a6 Rc8 40.Bd3 Rxf3 41.Rxf3 Rc1 42.a7 Rxe1+ 43.Nxe1 Qd8 44.Rxg3 Qb6+
45.Kh2 Qxa7 46.Ng2 Kf6 47.Rf3+ Ke7 48.Bc4 Qd4 49.Ne3 Qd2+ 50.Kh1 Nf4 51.Nd5+ Kd8
52.Nxf4 exf4 53.Bd5 Qd1+ 54.Kg2 Qe2+ 55.Rf2 f3+  0-1

[Event "14th Chigorin Mem B"]
[Site "St-Petersburg RUS"]
[Date "2006.10.23"]
[Round "1"]
[White "Pileckis,E"]
[Black "Gantsevich,A"]
[Result "1-0"]
[WhiteElo "2233"]
[BlackElo "2034"]

1.d4 Nf6 2.c4 g6 3.Nc3 Bg7 4.e4 d6 5.Nf3 O-O 6.Be2 e5 7.O-O Nc6 8.d5 Ne7
9.b4 a5 10.Ba3 axb4 11.Bxb4 Nd7 12.Nd2 f5 13.Bd3 b6 14.a4 Nc5 15.Qe2 fxe4
16.Ndxe4 Nf5 17.Bxc5 bxc5 18.Nb5 Nd4 19.Nxd4 cxd4 20.a5 c5 21.dxc6 Qc7 22.Qa2 Kh8
23.c5 dxc5 24.Nxc5 Bf5 25.Bxf5 Rxf5 26.Qd5 e4 27.Qd7 Rf7 28.Qd5 Rf5 29.Ne6 Qxh2+
30.Kxh2 Rxd5 31.Rfb1 Be5+ 32.g3 Rd6 33.Nc7 Rf8 34.a6 Rxc6 35.a7 Bxc7 36.a8=Q Rxa8
37.Rxa8+ Kg7 38.Kg2 Rc2 39.Rc8 e3 40.Rb7 Rxf2+ 41.Kh3 e2 42.Rcxc7+ Kh6 43.Kg4 g5
44.Rc6+  1-0

[Event "14th Chigorin Mem B"]
[Site "St-Petersburg RUS"]
[Date "2006.10.25"]
[Round "3"]
[White "Gavrilenko,V"]
[Black "Thouvenin,M"]
[Result "1-0"]
[WhiteElo "2056"]
[BlackElo "1607"]

1.Nf3 Nf6 2.c4 g6 3.Nc3 Bg7 4.d4 d6 5.e4 O-O 6.Be2 e5 7.O-O Nc6 8.d5 Ne7
9.Ne1 Nd7 10.Bg5 h6 11.Bh4 Qe8 12.Nb5 Qd8 13.Bxe7 Qxe7 14.Nxc7 Rb8 15.Nb5 Ra8
16.Nd3 a6 17.Nc3 f5 18.f3 f4 19.b4 g5 20.Na4 b6 21.Rc1 h5 22.c5 Nf6 23.cxd6 Qxd6
24.Rc6 Qd8 25.Nxb6 Rb8 26.Nxc8 Rxc8 27.Qc2 Rb8 28.Rc1 g4 29.Rxa6 gxf3 30.Bxf3 Ng4
31.Rg6 Ne3 32.Qc7  1-0

[Event "14th Chigorin Mem"]
[Site "St-Petersburg RUS"]
[Date "2006.10.25"]
[Round "4"]
[White "Kaganskiy,G"]
[Black "Gladyszev,O"]
[Result "1/2-1/2"]
[WhiteElo "2328"]
[BlackElo "2463"]

1.d4 Nf6 2.c4 g6 3.Nc3 Bg7 4.e4 d6 5.Be2 O-O 6.Nf3 e5 7.O-O Nc6 8.d5 Ne7
9.b4 Nh5 10.Re1 a5 11.bxa5 Rxa5 12.Nd2 Nf4 13.Bf1 c5 14.Nb5 Ra6 15.a4 Bd7
16.Ra3 Qc8  1/2-1/2

[Event "14th Chigorin Mem B"]
[Site "St-Petersburg RUS"]
[Date "2006.10.28"]
[Round "7"]
[White "Romanov,Va"]
[Black "Savinov,L"]
[Result "0-1"]
[WhiteElo "1986"]
[BlackElo "2156"]

1.Nf3 Nf6 2.c4 g6 3.Nc3 Bg7 4.e4 O-O 5.d4 d6 6.Be2 e5 7.O-O Nc6 8.d5 Ne7
9.b4 Nh5 10.Re1 a5 11.bxa5 f5 12.Ng5 Nf4 13.Bf1 h6 14.Nf3 fxe4 15.Nxe4 Bg4
16.Bxf4 Rxf4 17.Re3 Nf5 18.Bd3 Nxe3 19.fxe3 Rf7 20.h3 Bxf3 21.gxf3 Qh4 22.Kg2 Rxa5
23.Qc2 Rf5 24.Rh1 h5 25.Rg1 b6 26.Ng3 Rg5 27.Kh2 e4 28.Bxe4 Be5 29.f4 Bxf4
30.exf4 Qxf4 31.Bxg6 h4 32.Bh7+ Kg7 33.Rf1 Qxg3+  0-1

[Event "14th Chigorin Mem B"]
[Site "St-Petersburg RUS"]
[Date "2006.10.29"]
[Round "8"]
[White "Fedoseev,S"]
[Black "Schepetkova,M"]
[Result "1/2-1/2"]
[WhiteElo "2277"]
[BlackElo "2165"]

1.d4 Nf6 2.Nf3 g6 3.c4 Bg7 4.Nc3 d6 5.e4 O-O 6.Be2 e5 7.O-O Nc6 8.d5 Ne7
9.b4 Nd7 10.Nd2 f5 11.f3 f4 12.Nb3 g5 13.g4 h5 14.h3 Rf7 15.c5 Bf8 16.c6 bxc6
17.dxc6 Nb6 18.a4 Be6 19.a5 Nc4 20.Nd5 Bxd5 21.exd5 Ne3 22.Bxe3 fxe3 23.Qd3 Kg7
24.Bd1 e2 25.Bxe2 Ng6 26.Kh2 Nf4 27.Qe4 Qf6 28.gxh5 Qh6 29.Rg1 Be7 30.b5 Qxh5
31.Rg3 Rh8 32.Bf1 Bd8 33.Nd2 Ng6 34.Qg4 Qh6 35.Ne4 Rf4 36.Qd7+ Rf7 37.Qe6 Rhf8
38.Bg2 Nf4 39.Qxh6+ Kxh6 40.b6 axb6 41.axb6 cxb6 42.Nxd6 Rg7 43.Rd1 Ne2 44.Ne4 Nd4
45.Rd3 Rc7 46.Nd6 b5 47.Re3 Bf6 48.Bf1 Rd8 49.Ne4 Nf5 50.Rb3 Be7 51.Rxb5 Ne3  1/2-1/2

[Event "Petersburg Autumn"]
[Site "St Petersburg RUS"]
[Date "2006.10.31"]
[Round "1"]
[White "Hort,Ar"]
[Black "Kosov,Ig"]
[Result "1-0"]
[WhiteElo "2125"]
[BlackElo "1745"]

1.d4 Nf6 2.c4 g6 3.Nc3 Bg7 4.e4 d6 5.Nf3 O-O 6.Be2 Nc6 7.O-O e5 8.d5 Ne7
9.b4 Nh5 10.g3 f5 11.Ng5 Nf6 12.Bd3 fxe4 13.Ncxe4 Nxe4 14.Bxe4 Nf5 15.Ne6 Bxe6
16.dxe6 Nd4 17.Bxb7 Rb8 18.Bd5 Kh8 19.b5 Qe7 20.Be3 Nxe6 21.Bxa7 Rbc8 22.Be3 Nd4
23.a4 c6 24.bxc6 Nxc6 25.a5 Nb4 26.a6 Nxd5 27.Qxd5 Ra8 28.a7 Rfc8 29.Rfd1 Bf8
30.Rdb1 Qf6 31.Rb7 e4 32.Bd4  1-0

[Event "Femida"]
[Site "Kharkiv UKR"]
[Date "2006.11.02"]
[Round "3"]
[White "Aguettaz,M"]
[Black "Erdogdu,M"]
[Result "0-1"]
[WhiteElo "2300"]
[BlackElo "2383"]

1.Nf3 Nf6 2.c4 g6 3.Nc3 Bg7 4.e4 d6 5.d4 O-O 6.Be2 e5 7.O-O Nc6 8.d5 Ne7
9.b4 a5 10.Ba3 axb4 11.Bxb4 Nd7 12.a4 Bh6 13.a5 f5 14.Bd3 Kh8 15.Nd2 Ng8
16.Nb3 Ndf6 17.c5 fxe4 18.cxd6 exd3 19.dxc7 Qxc7 20.Bxf8 Bxf8 21.Qxd3 Bf5
22.Nb5 Qd7 23.Qe2 Rc8 24.d6 Qe6 25.Nd2 Qd5 26.Ra3 Rc2 27.Rd1 Bg4 28.f3 Bd7
29.Na7 Rc5 30.Re3 Bxd6  0-1

[Event "Open A"]
[Site "Le Touquet FRA"]
[Date "2006.11.02"]
[Round "8"]
[White "Klipper,N"]
[Black "Vallet,Ma"]
[Result "0-1"]
[WhiteElo "1862"]
[BlackElo "2177"]

1.d4 Nf6 2.Nf3 g6 3.c4 Bg7 4.Nc3 O-O 5.e4 d6 6.Be2 e5 7.O-O Nc6 8.d5 Ne7
9.Bg5 Ne8 10.Nd2 f6 11.Be3 f5 12.f3 f4 13.Bf2 g5 14.b4 Ng6 15.c5 Rf7 16.b5 Bf8
17.c6 b6 18.a4 h5 19.a5 Rb8 20.axb6 axb6 21.Kh1 Nf6 22.h3 Rh7 23.Kh2 g4 24.Be1 g3+
25.Kh1 Bxh3 26.Bxg3 fxg3 27.gxh3 Qc8 28.Kg2 Nf4+ 29.Kxg3 Qxh3+ 30.Kf2 Re7
31.Rg1+ Ng4+ 32.Rxg4+ hxg4 33.Qg1 Rg7 34.Qh1 g3+ 35.Kg1 g2 36.Qh2 Qxh2+ 37.Kxh2  0-1

[Event "Sub Zonal 2.3.2C"]
[Site "Panama PAN"]
[Date "2006.11.04"]
[Round "5"]
[White "Galvez Dastin,E"]
[Black "Baules,J"]
[Result "1-0"]
[WhiteElo "2171"]
[BlackElo "2311"]

1.d4 Nf6 2.c4 g6 3.Nc3 Bg7 4.e4 d6 5.Nf3 O-O 6.Be2 e5 7.O-O Nc6 8.d5 Ne7
9.b4 Nh5 10.Re1 a5 11.bxa5 f5 12.Nd2 Nf6 13.c5 Bh6 14.cxd6 cxd6 15.Nc4 Bxc1
16.Rxc1 fxe4 17.Qb3 Nf5 18.Qb4 Nd4 19.Qxd6 Qxd6 20.Nxd6 Nxe2+ 21.Rxe2 Rxa5
22.Ncxe4 Bd7 23.Nxf6+ Rxf6 24.Ne4 Rf7 25.Rc5 Ra6 26.f3 Rb6 27.Kf2 Kg7 28.Nc3 Re7
29.Rc7 Kf8 30.g4 Ke8 31.Ne4 Kd8 32.Rc5 Rb5 33.Rxb5 Bxb5 34.Rb2 Ba6 35.Nc5 Kc7
36.Ke3 Bc4 37.Rxb7+ Kd8 38.Rb2 Ra7 39.Ke4 Rxa2 40.Rxa2 Bxa2 41.Kxe5 Bc4 42.g5 Be2
43.f4 Bf3 44.Ne4  1-0

[Event "RGSU Masters"]
[Site "Moscow RUS"]
[Date "2006.11.06"]
[Round "1"]
[White "Mozharov,M"]
[Black "Girya,O"]
[Result "1/2-1/2"]
[WhiteElo "2418"]
[BlackElo "2240"]

1.d4 Nf6 2.c4 g6 3.Nc3 Bg7 4.e4 d6 5.Nf3 O-O 6.Be2 e5 7.O-O Nc6 8.d5 Ne7
9.Ne1 Nd7 10.Be3 f5 11.f3 Nf6 12.Nd3 f4 13.Bf2 g5 14.c5 Rf7 15.Rc1 Ng6 16.cxd6 cxd6
17.Nb5 g4 18.fxg4 Nxe4 19.Qc2 Bd7 20.Nxe5 Nxe5 21.Qxe4 f3 22.gxf3 Nxf3+ 23.Bxf3 Bxb5
24.Bg3 Bxf1 25.Rxf1 Qb6+ 26.Kg2 Qxb2+ 27.Rf2 Qf6 28.Qe6 Rd8 29.g5 Qxe6 30.dxe6 Re7
31.g6 hxg6 32.Bh4 Bf8 33.Bxe7 Bxe7 34.Rc2 d5 35.Rc7 Kf8 36.Rxb7 a6 37.Rb6 Rd6
38.Rxd6 Bxd6  1/2-1/2

[Event "10th OIBM"]
[Site "Bad Wiessee GER"]
[Date "2006.11.08"]
[Round "5"]
[White "Meins,G"]
[Black "Werner,Gr"]
[Result "1-0"]
[WhiteElo "2464"]
[BlackElo "2235"]

1.d4 d6 2.Nf3 g6 3.c4 Bg7 4.Nc3 Nf6 5.e4 O-O 6.Be2 e5 7.O-O Nc6 8.d5 Ne7
9.b4 Nh5 10.Re1 f5 11.Ng5 Nf4 12.Bxf4 exf4 13.Rc1 Be5 14.Bf3 Rf6 15.c5 a6
16.Qb3 Kh8 17.Ne6 Bxe6 18.dxe6 Qg8 19.cxd6 cxd6 20.exf5 gxf5 21.Nd5 Nxd5
22.Bxd5 Qg7 23.Qf3 Rb8 24.Rc2 Rff8 25.Rec1 Rfe8 26.Rc7 Re7 27.Rc8+ Re8 28.Rxe8+ Rxe8
29.Bxb7 Bb2 30.Rc8 Rxc8 31.Bxc8 Qe5 32.g3 fxg3 33.hxg3 Bd4 34.Kg2 Kg7 35.e7 Qxe7
36.Qxf5 Qa7 37.Bxa6 Qxa6 38.Qg4+ Kf7 39.Qxd4 Qa8+ 40.Kg1  1-0

[Event "Open"]
[Site "Kings Island USA"]
[Date "2006.11.11"]
[Round "3"]
[White "Andrews,T"]
[Black "Pappu,A"]
[Result "1/2-1/2"]
[WhiteElo "2284"]
[BlackElo "2191"]

1.d4 Nf6 2.c4 d6 3.Nf3 g6 4.Nc3 Bg7 5.e4 O-O 6.Be2 e5 7.O-O Nc6 8.d5 Ne7
9.b4 Nh5 10.Re1 f5 11.Ng5 Nf6 12.Bf3 h6 13.Ne6 Bxe6 14.dxe6 c6 15.b5 fxe4
16.Bxe4 d5 17.cxd5 cxd5 18.Ba3 Nxe4 19.Nxe4 dxe4 20.Qxd8 Rfxd8 21.Bxe7 Re8
22.Bb4 Rxe6 23.Rxe4  1/2-1/2

[Event "RGSU Masters"]
[Site "Moscow RUS"]
[Date "2006.11.11"]
[Round "6"]
[White "Cherenkova,K"]
[Black "Mozharov,M"]
[Result "0-1"]
[WhiteElo "2238"]
[BlackElo "2418"]

1.d4 Nf6 2.Nf3 g6 3.c4 Bg7 4.Nc3 O-O 5.e4 d6 6.Be2 e5 7.O-O Nc6 8.d5 Ne7
9.Ne1 Nd7 10.Be3 f5 11.f3 f4 12.Bf2 g5 13.a4 Ng6 14.Nb5 Nf6 15.Nxa7 Bd7 16.c5 g4
17.c6 g3 18.hxg3 fxg3 19.Bxg3 Nh5 20.Bf2 bxc6 21.dxc6 Be6 22.Qc2 Kh8 23.Bc4 Bxc4
24.Qxc4 Qg5 25.Nb5 Ngf4 26.g4 d5 27.Qc2 Rf6  0-1

[Event "RGSU Masters"]
[Site "Moscow RUS"]
[Date "2006.11.12"]
[Round "7"]
[White "Markosian,D"]
[Black "Bodnaruk,A"]
[Result "0-1"]
[WhiteElo "2359"]
[BlackElo "2255"]

1.d4 Nf6 2.Nf3 g6 3.c4 Bg7 4.Nc3 O-O 5.e4 d6 6.Be2 e5 7.O-O Nc6 8.d5 Ne7
9.Ne1 Ne8 10.Nd3 f5 11.Bd2 Nf6 12.f3 f4 13.c5 g5 14.Rc1 Ng6 15.cxd6 cxd6
16.Nf2 Rf7 17.Nb5 Bf8 18.Qc2 Ne8 19.a4 h5 20.Qb3 Rg7 21.Rc3 Nh4 22.g3 g4
23.fxg4 hxg4 24.Rfc1 f3 25.Bf1 b6 26.Be3 Bd7 27.a5 a6 28.Bxb6 Qg5 29.Nc7 Nxc7
30.Rxc7 Rh7 31.Qc2 Qh6 32.gxh4 Qxh4 33.Nh1 Bh6 34.Bf2 Qxh2+  0-1

[Event "RGSU Masters"]
[Site "Moscow RUS"]
[Date "2006.11.12"]
[Round "7"]
[White "Tonoian,A"]
[Black "Girya,O"]
[Result "1-0"]
[WhiteElo "2400"]
[BlackElo "2240"]

1.d4 Nf6 2.c4 g6 3.Nc3 Bg7 4.e4 d6 5.Be2 O-O 6.Nf3 e5 7.O-O Nc6 8.d5 Ne7
9.Ne1 Nd7 10.Be3 f5 11.f3 f4 12.Bf2 g5 13.Rc1 Ng6 14.c5 Nxc5 15.b4 Na6 16.Nb5 Bd7
17.Nxa7 h5 18.a4 Rf7 19.Nd3 Qb8 20.Nb5 Bf6 21.Na3 b6 22.b5 Nc5 23.Nxc5 bxc5
24.Nc4 Qf8 25.Rb1 Bd8 26.a5 Rg7 27.a6 Nh8 28.Bxc5 dxc5 29.d6 Be6 30.dxc7 Bxc7
31.b6 Rxa6 32.bxc7 Rxc7 33.Nxe5 Rd6 34.Qc2 Qf6 35.Nc4 Rd4 36.Rb8+ Kg7 37.e5 Qg6
38.Qa4 Qf7 39.Rc1 Ng6 40.Qa5 Bxc4 41.Bxc4 Qe7 42.Rg8+ Kh7 43.Qb6 Nf8 44.Rxf8 Qxe5
45.Rh8+ Qxh8 46.Qxc7+ Qg7 47.Qxc5  1-0

[Event "IV Final Russian Cup Women"]
[Site "Moscow RUS"]
[Date "2006.11.13"]
[Round "6"]
[White "Lupik,M"]
[Black "Fominykh,M"]
[Result "0-1"]
[WhiteElo "2224"]
[BlackElo "2308"]

1.d4 Nf6 2.Nf3 g6 3.c4 Bg7 4.Nc3 O-O 5.e4 d6 6.Be2 e5 7.O-O Nc6 8.d5 Ne7
9.Ne1 Nd7 10.Be3 f5 11.f3 f4 12.Bf2 g5 13.Nd3 Nf6 14.c5 Rf7 15.a4 Bf8 16.a5 Rg7
17.cxd6 cxd6 18.Nb5 g4 19.Bh4 gxf3 20.Bxf3 Ng6 21.Bf2 h5 22.Bxa7 Qd7 23.Qb3 Nh4
24.Kh1 Ng4 25.Rac1 Nxh2 26.Kxh2 Nxg2 27.Bxg2 Rxg2+ 28.Kxg2 Qh3+ 29.Kf2 Rxa7
30.Nc5 Qh4+ 31.Ke2 Bg4+ 32.Kd2 Qh2+ 33.Kc3 Rxa5 34.Nd3 Ra8 35.Rf2 Qg3 36.Kc2 h4
37.Kb1 h3 38.Qc2 Bf3 39.Nc3 Bg2 40.Ne1 f3 41.Qd2 Kh7 42.Nb5 Bh6 43.Rc7+ Kg6
44.Qb4 Rd8 45.Nxd6 Qxf2 46.Nf5 h2 47.Qe7 Qxe1+ 48.Ka2 Ra8+ 49.Kb3 Qd1+ 50.Rc2 Qd3+
51.Rc3 Qb5+ 52.Kc2 Qa4+  0-1

[Event "Open"]
[Site "Liberec CZE"]
[Date "2006.11.15"]
[Round "5"]
[White "Grochowalski,P"]
[Black "Lausman,P"]
[Result "0-1"]
[WhiteElo "2123"]
[BlackElo "2050"]

1.d4 Nf6 2.Nf3 g6 3.c4 d6 4.Nc3 Bg7 5.e4 O-O 6.Be2 e5 7.O-O Nc6 8.d5 Ne7
9.b4 Ne8 10.Nd2 f5 11.f3 f4 12.c5 g5 13.Nc4 Ng6 14.Bd2 Qf6 15.Rc1 Rf7 16.Be1 h5
17.Bf2 Bf8 18.cxd6 Bxd6 19.Nxd6 cxd6 20.Nb5 a6 21.Na7 Bd7 22.b5 axb5 23.Qb3 g4
24.Bxb5 g3 25.Bb6 Qh4 26.h3 Bxh3 27.gxh3 Qxh3 28.Rc2 Nh4 29.Rfc1 Rg7 30.Nc8 Rxc8
31.Bd7 Rxc2  0-1

[Event "TCh-FIN 2006-7"]
[Site "Tampere FIN"]
[Date "2006.11.19"]
[Round "5"]
[White "Lampen,T"]
[Black "Virtanen,A"]
[Result "0-1"]
[WhiteElo "2332"]
[BlackElo "2314"]

1.d4 Nf6 2.c4 d6 3.Nf3 g6 4.Nc3 Bg7 5.e4 O-O 6.Be2 e5 7.O-O Nc6 8.d5 Ne7
9.Ne1 Nd7 10.Be3 f5 11.f3 f4 12.Bf2 g5 13.a4 Nf6 14.a5 Ng6 15.Nb5 g4 16.c5 g3
17.hxg3 Nh5 18.gxf4 exf4 19.cxd6 cxd6 20.Bd4 Ne5 21.Rc1 Ng3 22.Nd3 Qh4 23.Nxe5 dxe5
24.Bc5 Bf6 25.Bxf8 Qh1+ 26.Kf2 Nxe4+ 27.fxe4 Bh4+ 28.Kf3 Qh2 29.Bc4 Qg3+  0-1

[Event "Capablanca mem Open"]
[Site "Havana CUB"]
[Date "2006.11.23"]
[Round "3"]
[White "Hernandez,Hold"]
[Black "Aponte,E"]
[Result "1-0"]
[WhiteElo "2524"]
[BlackElo "2115"]

1.Nf3 Nf6 2.c4 g6 3.Nc3 Bg7 4.e4 d6 5.d4 O-O 6.Be2 e5 7.O-O Nc6 8.d5 Ne7
9.b4 h6 10.c5 g5 11.Nd2 Ng6 12.g3 h5 13.Nc4 g4 14.Bg5 Qd7 15.Rc1 Nh7 16.Be3 Bf6
17.Qd2 Be7 18.c6 bxc6 19.dxc6 Qd8 20.Nd5 Bg5 21.f4 gxf3 22.Bxf3 h4 23.Bxg5 Nxg5
24.Bg2 f6 25.gxh4 Ne6 26.Qh6 Ngf4 27.Rf3 Rf7 28.Rg3+ Rg7 29.Rxg7+ Nxg7 30.Nxf4 exf4
31.Qxf4 Rb8 32.Ne3 Be6 33.a3 Qe7 34.Bf1 Rf8 35.Bc4 Bxc4 36.Rxc4 Qe6 37.Rc2 f5
38.Rf2 Qxe4 39.Qxe4 fxe4 40.Nd5 Ne6 41.Rxf8+ Kxf8 42.Kf2 Nd4 43.Ke3 Nxc6
44.Nxc7 Ke7 45.Kxe4 Kd7 46.Nd5 Ke6 47.h5 Nd8 48.h4 Nf7 49.a4 Nh6 50.b5 Nf5
51.Nc7+ Kf6 52.Ne8+ Ke6 53.Nc7+ Kf6 54.a5 Nxh4 55.b6 axb6 56.axb6 Nf5 57.b7 d5+
58.Nxd5+  1-0

[Event "19th Belgrade Trophy"]
[Site "Belgrade SRB"]
[Date "2006.11.26"]
[Round "5"]
[White "Cvetkovic,Sr"]
[Black "Jovicic,R"]
[Result "0-1"]
[WhiteElo "2396"]
[BlackElo "2268"]

1.c4 Nf6 2.Nc3 g6 3.e4 d6 4.d4 Bg7 5.Nf3 O-O 6.Be2 e5 7.O-O Nc6 8.d5 Ne7
9.Bg5 h6 10.Bxf6 Bxf6 11.b4 a5 12.bxa5 c6 13.a6 Rxa6 14.c5 Ra3 15.Qc1 Rxc3
16.Qxc3 cxd5 17.cxd6 Qxd6 18.Qd2 Kh7 19.Rab1 d4 20.Qb4 Qd7 21.h3 Bg7 22.Bb5 Qe6
23.Rfc1 Nc6 24.Bxc6 bxc6 25.a4 f5 26.Nd2 Qf6 27.f3 Qg5 28.Rxc6 Qe3+ 29.Kh1 fxe4
30.Nf1 Qf4 31.Nh2 exf3 32.Nxf3 Bxh3  0-1

[Event "19th Belgrade Trophy"]
[Site "Belgrade SRB"]
[Date "2006.11.26"]
[Round "5"]
[White "Maksimovic,Mir"]
[Black "Brenjo,S"]
[Result "0-1"]
[WhiteElo "2203"]
[BlackElo "2492"]

1.d4 Nf6 2.c4 g6 3.Nc3 Bg7 4.e4 d6 5.Nf3 O-O 6.Be2 e5 7.O-O Nc6 8.d5 Ne7
9.b4 Nh5 10.Re1 f5 11.Ng5 Nf6 12.Bf3 c6 13.Be3 h6 14.Ne6 Bxe6 15.dxe6 Kh7
16.Rb1 Ne8 17.b5 Nc7 18.bxc6 bxc6 19.Rb7 Nxe6 20.c5 f4 21.Qxd6 Qxd6 22.cxd6 Nc8
23.Bc1 Nxd6 24.Re7 Rfe8 25.Rxe8 Rxe8 26.Bd1 Rb8 27.Re2 Nd4 28.Rb2 Rd8 29.Rb4 N4b5
30.Nxb5 cxb5 31.Bf3 a5 32.Rb1 Nxe4 33.Rxb5 Nc3 34.Rb7 e4 35.Bg4 h5  0-1

[Event "ch-ESP Abierto"]
[Site "Leon ESP"]
[Date "2006.11.27"]
[Round "6"]
[White "Lorente Penalba,D"]
[Black "Coll Ortega,J"]
[Result "0-1"]
[WhiteElo "2150"]
[BlackElo "1950"]

1.d4 Nf6 2.c4 g6 3.Nc3 Bg7 4.Nf3 O-O 5.e4 d6 6.Be2 e5 7.O-O Nc6 8.dxe5 Nxe5
9.Qc2 Nxf3+ 10.Bxf3 Ng4 11.h3 Ne5 12.Be2 f5 13.c5 dxc5 14.Bf4 c6 15.Rad1 Qe7
16.Qc1 b6 17.Bg5 Qc7 18.Bh6 Bxh6 19.Qxh6 f4 20.f3 Qe7 21.Rfe1 Be6 22.Bf1 Qf6
23.Ne2 Bxa2 24.Rd2 Bc4 25.Red1 Bxe2 26.Bxe2 g5 27.Qh5 Rad8 28.h4 Rxd2 29.Rxd2 gxh4
30.b3 h6 31.Bc4+ Kg7 32.Rd7+ Nxd7 33.Qg4+ Qg5 34.Qxd7+ Kh8 35.Qd2 h3 36.Qc3+ Kh7
37.Bf1 hxg2 38.Bd3 Qg7 39.e5+ Kh8 40.Qe1 Re8 41.Qh4 Qg5 42.Qh3 Rxe5 43.Qc8+ Kg7
44.Be4 Re7 45.Qxc6 h5 46.Qc8 h4 47.Qh3 Kf6 48.Qc8 Kg7 49.Qh3 b5 50.Qc8 a5
51.Qh3 a4 52.bxa4 bxa4 53.Qc8 a3 54.Qb8 h3 55.Qb1 h2+  0-1

[Event "19th Belgrade Trophy"]
[Site "Belgrade SRB"]
[Date "2006.11.28"]
[Round "7"]
[White "Stefanovic,M"]
[Black "Cetkovic,B"]
[Result "0-1"]
[WhiteElo "2056"]
[BlackElo "2215"]

1.d4 Nf6 2.Nf3 g6 3.c4 Bg7 4.Nc3 O-O 5.e4 d6 6.Be2 e5 7.O-O Nc6 8.d5 Ne7
9.b4 Nd7 10.Ba3 a5 11.bxa5 Rxa5 12.Bb4 Ra8 13.a4 h6 14.Nd2 f5 15.f3 h5 16.a5 Bh6
17.Nb3 Be3+ 18.Kh1 f4 19.Nb5 Nc5 20.Bxc5 dxc5 21.Nxc7 Qxc7 22.d6 Qd8 23.dxe7 Qxe7
24.Qd5+ Kg7 25.Rfd1 Ra6 26.Rd3 Bd4 27.Nxd4 exd4  0-1

[Event "XV Asiad Men's Rapid"]
[Site "Doha QAT"]
[Date "2006.12.02"]
[Round "2"]
[White "Rimawi,B"]
[Black "Ayyad,H"]
[Result "1-0"]
[WhiteElo "2317"]
[BlackElo "2095"]

1.d4 Nf6 2.c4 g6 3.Nc3 Bg7 4.e4 d6 5.Nf3 O-O 6.Be2 e5 7.O-O Nc6 8.d5 Ne7
9.Ne1 Nd7 10.Be3 f5 11.f3 f4 12.Bf2 g5 13.Kh1 Rf6 14.Nd3 Rh6 15.c5 Nf6 16.Rc1 Bd7
17.cxd6 cxd6 18.a4 Kh8 19.Nb5 Bxb5 20.axb5 g4 21.fxg4 Nxe4 22.Bf3 Nxf2+ 23.Nxf2 Qb6
24.Qd3 Rf6 25.Ne4 Rff8 26.Ng5 Ng6 27.Be4 Rf6 28.Qh3 h6 29.Qh5 Nf8 30.Nf3 Kg8
31.g5 hxg5 32.Nxg5 Rh6 33.Qf7+ Kh8 34.Rc7 Bf6 35.Ne6 Qe3 36.Bf3 Nxe6 37.dxe6 Qd3
38.Rd1 Qg6  1-0